Open Journal of business and management (Record no. 38593)
[ view plain ]
| 000 -LEADER | |
|---|---|
| fixed length control field | 00531nam a2200145Ia 4500 |
| 022 ## - INTERNATIONAL STANDARD SERIAL NUMBER | |
| ISSN | 23293284 |
| 050 ## - CALL MARK | |
| Classification number | HG 37. O64/ |
| 245 #0 - TITLE STATEMENT | |
| Title | Open Journal of business and management |
| 260 ## - PUBLICATION, DISTRIBUTION, ETC. (IMPRINT) | |
| Year of publication | 2022 |
| 300 ## - PHYSICAL DESCRIPTION | |
| Number of Pages | 2483 p. :ill. ; 29 cm. |
| 650 ## - SUBJECT ADDED ENTRY--TOPICAL TERM | |
| Topical Term | Finance--Periodicals. Business enterprises--Periodicals. Management--Periodicals. Finance--Poland--Periodicals. Business enterprises--Poland--Periodicals. Management--Poland--Periodicals. |
| 942 ## - ADDED ENTRY ELEMENTS (KOHA) | |
| Koha item type | Serials |
No items available.